000 00463nam a2200145Ia 4500
008 100204s9999 xx 000 0 und d
082 _b10248
100 _aफडके वि. के.
245 _aन संपणारा आनंद
260 _b"शकुन प्रकाशन , पुणे 30"
_c1985
300 _a32
630 _aन संपणारा आनंद
730 _aन संपणारा आनंद
942 _cBOOK
999 _c454684
_d454681